Zážitkový marketing nákupného centra diplomová práca

Na minha lista:
Detalhes bibliográficos
Autor principal: Turzáková, Tamara
Autor Corporativo: Obchodná fakulta EU. Katedra marketingu
Outros Autores: Matušovičová, Monika, 1967-
Formato: Livro
Idioma:eslovaco
Publicado em: Bratislava 2024
Tags: Adicionar Tag
Sem tags, seja o primeiro a adicionar uma tag!

MARC

LEADER 00000nbm a2200000 4500
001 0302322
005 20250708130642.2
041 0 |a slo 
044 |a SK 
245 1 0 |a Zážitkový marketing nákupného centra  |b diplomová práca  |c Tamara Turzáková ; školiteľ: Monika Matušovičová 
264 1 |a Bratislava  |c 2024 
300 |a 69 s. 
100 1 |a Turzáková, Tamara 
700 1 |a Matušovičová, Monika, 1967- 
710 2 |a Obchodná fakulta EU. Katedra marketingu